000 00614nam a2200229Ia 4500
003 OSt
005 20221007071629.0
006 a|||||r|||| 00| 0
007 ta
008 221006b |||||||| |||| 00| 0 eng d
024 _a11,098
037 _cTextual
040 _aFLL
_cFLL
_beng
041 _2eng
_aeng
082 _aV1:19k, L0
100 _aRenoux Y. Au.
_9689114
245 0 _aGlossary of international treaties
260 _aLondon
_bElsevier publishing company London
_c1970
300 _a198p
_ccm.
942 _hV1:19k, L0
_cTEXL
_2CC
999 _c1143846
_d1143846